01321nam a2200313 a 450000100060000000300080000600500170001400800410003102000150007203500190008704000300010604100080013608200270014410000300017124501680020125000280036926000280039730000200042550001020044550400280054765000460057565000430062170000450066470000760070971000510078594200120083699900170084895201420086533878BD-RjUL20211209052055.0140511s1976 fr b i000 0 eng  a9231014099 a(BD-RjUL)33970 aLCbengcLCdVSLdBD-RjUL aeng04a301.16109497bLEC 19761 aLekovic, Zdravko.910291410aCommunication policies in Yugoslavia :ba study /ccarried out by the Yugoslav Institute of Journalism ; and written by Dr. Zdravko Lekovic and Dr. Mihalo Bjelica. aRev. and corr. version. aParis :bUnesco,c1976. a66 p. ;c24 cm. aRevision of previous ed. written by M. Avramovic, S. Marjanovic, and P. Ralic, published in 1975. aBibliography: p. 65-66. 0aCommunication policyzYugoslavia.9102915 0aMass media policyzYugoslavia.91029161 aBjelica, Mihailo,ejoint author.91029171 aAvramovic, Miodrag-Zika.tCommunication policies in Yugoslavia.91029182 aJugoslovenski institut za novinarstvo.9102919 2ddccBK c33878d33878 00102ddc40718NFICaRUCLbRUCLcReadingd1981-12-05eUNESCO, Gift.l0o301.16109497 LEC 1976r2014-05-11 00:00:00tC-1w2014-05-11yBK